000 00667nam a2200193Ii 4500
003 JO-AjNU
008 230605s9999||||xx |||||||||||||| ||und||
040 _aJO-AjNU
_bara
_erda
_cJO-AjNU
041 _aara
050 1 4 _aHA29.547.F37641.1980
100 3 _aفاروق عبد العظيم احمد،مختار محمود الهانسي،امتثال محمد حسن,
_eauthor
_915606
245 0 0 _aالاحصاء
264 3 1 _aالاسكندرية:دار المطبوعات الجامعية،1980
300 _a540ص
336 _atext
_btxt
_2rdacontent
337 _aunmediated
_bn
_2rdamedia
338 _avolume
_bnc
_2rdacarrier
650 4 _aالاحصاء
_915607
999 _aA4446
_c8014
_d8014